Intereses legítimos y permanentes que en África tiene España y deberes que la civilización le impone respecto a aquel país : (Registro nro. 54835)

Detalles MARC
000 -LEADER
campo de control de longitud fija 01373nam a2200277 i 4500
001 - NÚMERO DE CONTROL
campo de control 54835
003 - IDENTIFICADOR DE NÚMERO DE CONTROL
campo de control ES-MaACL
005 - FECHA Y HORA DE LA ÚLTIMA TRANSACCIÓN
campo de control 20250725093042.0
007 - CAMPO FIJO DE DESCRIPCIÓN FÍSICA--INFORMACIÓN GENERAL
campo de control de longitud fija t|
008 - DATOS DE LONGITUD FIJA--INFORMACIÓN GENERAL
campo de control de longitud fija 960731s1861 sp ||||1| spa d
080 ## - NÚMERO DE LA CLASIFICACIÓN DECIMAL UNIVERSAL
Número de la Clasificación Decimal Universal 908(64)"18"
080 ## - NÚMERO DE LA CLASIFICACIÓN DECIMAL UNIVERSAL
Número de la Clasificación Decimal Universal 325.3(460:6)"18"
100 1# - ENTRADA PRINCIPAL--NOMBRE DE PERSONA
Nombre de persona Galindo y Vera, León,
Fechas asociadas al nombre 1820-1889
9 (RLIN) 53452
245 10 - MENCIÓN DEL TÍTULO
Título Intereses legítimos y permanentes que en África tiene España y deberes que la civilización le impone respecto a aquel país :
Resto del título memoria premiada por la Real Academia de Ciencias Morales y Políticas en el concurso del año 1861 /
Mención de responsabilidad, etc. su autor, León Galindo y de Vera.
260 ## - PUBLICACIÓN, DISTRIBUCIÓN, ETC.
Lugar de publicación, distribución, etc. Madrid :
Nombre del editor, distribuidor, etc. [s.n.],
Fecha de publicación, distribución, etc. 1861 (
Fabricante Imp. del Colegio de Sordo-Mudos y de Ciegos)
300 ## - DESCRIPCIÓN FÍSICA
Extensión 51 p. ;
Dimensiones 24 cm.
530 ## - NOTA DISPONIBLE DE FORMULARIO FÍSICO ADICIONAL
Nota de formato físico adicional disponible Disponible en formato digital.
651 #4 - PUNTO DE ACCESO ADICIONAL DE MATERIA--NOMBRE GEOGRÁFICO
Nombre geográfico Marruecos-
Subdivisión general Descripción.
9 (RLIN) 9025
651 #7 - PUNTO DE ACCESO ADICIONAL DE MATERIA--NOMBRE GEOGRÁFICO
Nombre geográfico España-
Subdivisión general Colonias-
Subdivisión geográfica África-
Subdivisión cronológica S.XIX
Fuente del encabezamiento o término
9 (RLIN) 159564
710 2# - ENTRADA AGREGADA--NOMBRE DE ENTIDAD CORPORATIVA
Nombre de entidad corporativa o nombre de jurisdicción como elemento de entrada Real Academia de Ciencias Morales y Políticas (España)
9 (RLIN) 222050
852 4# - LOCALIZACIÓN
Ubicación ES-MaACL
Número de control de estantería T-61-F-6
852 4# - LOCALIZACIÓN
Ubicación ES-MaACL
Número de control de estantería F-M-III-O (II)
Nota libre - Enc. pasta española, falto de cub. original
-- - Enc. en un vol. facticio
856 4# - LOCALIZACIÓN Y ACCESO ELECTRÓNICOS
Identificador Uniforme de Recursos <a href="http://bdh-rd.bne.es/viewer.vm?id=0000266096&page=1 ">http://bdh-rd.bne.es/viewer.vm?id=0000266096&page=1 </a>
Nota pública Biblioteca Digital Hispánica
856 4# - LOCALIZACIÓN Y ACCESO ELECTRÓNICOS
Identificador Uniforme de Recursos <a href="https://bibliotecadigital.aecid.es/bibliodig/es/consulta/registro.do?id=8453">https://bibliotecadigital.aecid.es/bibliodig/es/consulta/registro.do?id=8453</a>
Nota pública Biblioteca Digital AECID
Existencias
Estatus retirado Estado de pérdida Estado de daño No para préstamo Colección Biblioteca de origen Biblioteca actual Ubicación en estantería Fecha de adquisición Fuente de adquisición Total de préstamos Signatura topográfica completa Código de barras Visto por última vez Precio de reemplazo Tipo de ítem Koha
        Colección digital Biblioteca del Ateneo de Madrid Biblioteca del Ateneo de Madrid Administración 07/06/2021     F-M-III-O (II) 1202578 23/02/2023 23/02/2023 Libro impreso antiguo
        Colección de folletos Biblioteca del Ateneo de Madrid Biblioteca del Ateneo de Madrid Depósito folletos 17/01/2008     T-61-F-6 1057620 23/02/2023 23/02/2023 Folleto